[Event "Warsaw Najdorf Memorial op-B"]
[Site "Warsaw"]
[Date "2011.07.20"]
[Round "7"]
[White "Kundzik, Jacek"]
[Black "Szarwacki, Dominik"]
[Result "0-1"]
[WhiteElo "1681"]
[BlackElo "1948"]
[PlyCount "32"]
[EventDate "2011.07.14"]
[EventType "swiss"]
[EventRounds "9"]
[EventCountry "POL"]
[SourceTitle "EXT 2012"]
[Source "ChessBase"]
[SourceDate "2011.11.24"]
[SourceVersion "1"]
[SourceVersionDate "2011.11.24"]
[SourceQuality "1"]

1. e4 c5 2. Nf3 Nc6 3. Bb5 Nd4 4. Nc3 g6 5. 0-0 Bg7 6. Nxd4 cxd4 7. Ne2 Qb6 8. Bd3 Nf6 9. c3 dxc3 10. dxc3 0-0 11. Nd4 e5 12. Nf3 d5 13. Qe2 Bg4 14. exd5 e4 15. Bxe4 Rfe8 16. Be3 Rxe4 0-1

[Event "Warsaw Najdorf Memorial op-B"]
[Site "Warsaw"]
[Date "2011.07.16"]
[Round "3"]
[White "Kundzik, Jacek"]
[Black "Snihur, Piotr"]
[Result "0-1"]
[WhiteElo "1681"]
[BlackElo "1860"]
[PlyCount "50"]
[EventDate "2011.07.14"]
[EventType "swiss"]
[EventRounds "9"]
[EventCountry "POL"]
[SourceTitle "EXT 2012"]
[Source "ChessBase"]
[SourceDate "2011.11.24"]
[SourceVersion "1"]
[SourceVersionDate "2011.11.24"]
[SourceQuality "1"]

1. d4 Nf6 2. c4 e5 3. d5 Bb4+ 4. Bd2 Bxd2+ 5. Nxd2 d6 6. e4 Nbd7 7. Bd3 Nc5 8. Qc2 a5 9. Ngf3 0-0 10. h3 Nh5 11. g3 f5 12. exf5 Nxd3+ 13. Qxd3 Bxf5 14. Ne4 Qd7 15. 0-0-0 Nf6 16. Rde1 Nxe4 17. Rxe4 Bxe4 18. Qxe4 Qf5 19. Nd2 Qxf2 20. Qg4 Qf5 21. Qe2 Qg5 22. Qe1 Rf7 23. Kb1 Raf8 24. a3 Qg6+ 25. Ka2 Qd3 0-1

[Event "Warsaw YMCA Spring-D 92nd"]
[Site "Warsaw"]
[Date "2011.06.09"]
[Round "11"]
[White "Kundzik, Jacek"]
[Black "Maciejewski, Andrzej"]
[Result "1/2-1/2"]
[WhiteElo "1689"]
[BlackElo "1721"]
[PlyCount "64"]
[EventDate "2011.04.05"]
[EventType "tourn"]
[EventRounds "13"]
[EventCountry "POL"]
[SourceTitle "EXT 2019"]
[Source "ChessBase"]
[SourceDate "2018.10.10"]
[SourceVersion "1"]
[SourceVersionDate "2018.10.10"]
[SourceQuality "1"]

1. e4 c5 2. Nf3 Nc6 3. d4 cxd4 4. Nxd4 e5 5. Nb5 a6 6. Nd6+ Bxd6 7. Qxd6 Qf6 8. Qxf6 Nxf6 9. Nc3 Nb4 10. Bd3 d5 11. exd5 Nxd3+ 12. cxd3 Bf5 13. 0-0 Bxd3 14. Re1 Nd7 15. f4 f6 16. fxe5 Nxe5 17. Bf4 0-0-0 18. Rad1 Bc2 19. Rd2 Nd3 20. Re3 Nxf4 21. Rxc2 Kb8 22. Rd2 Rd7 23. g3 Ng6 24. Rde2 Rhd8 25. Kf2 Ne5 26. h3 Nc4 27. Re4 Nb6 28. Re8 Kc7 29. R8e7 Rxe7 30. Rxe7+ Rd7 31. Rxd7+ Kxd7 32. Kf3 Kd6 1/2-1/2

[Event "Warsaw YMCA Spring-D 92nd"]
[Site "Warsaw"]
[Date "2011.05.03"]
[Round "5"]
[White "Kundzik, Jacek"]
[Black "Dominiczak, Adrian"]
[Result "0-1"]
[WhiteElo "1689"]
[BlackElo "1722"]
[PlyCount "58"]
[EventDate "2011.04.05"]
[EventType "tourn"]
[EventRounds "13"]
[EventCountry "POL"]
[SourceTitle "EXT 2019"]
[Source "ChessBase"]
[SourceDate "2018.10.10"]
[SourceVersion "1"]
[SourceVersionDate "2018.10.10"]
[SourceQuality "1"]

1. e4 c5 2. Nf3 d6 3. d4 cxd4 4. Nxd4 Nf6 5. Nc3 a6 6. Be3 e6 7. g4 d5 8. exd5 Nxd5 9. Nxd5 Qxd5 10. Rg1 Bb4+ 11. c3 Be7 12. Qd2 0-0 13. Bg2 Qa5 14. Qc2 Nd7 15. Nb3 Qc7 16. 0-0-0 Ne5 17. Kb1 Nc4 18. Bc1 Rb8 19. g5 b5 20. h4 Bb7 21. h5 Bxg2 22. Rxg2 a5 23. g6 fxg6 24. hxg6 h6 25. Nd4 b4 26. Rh1 bxc3 27. Qxc3 Na3+ 28. Ka1 Qxc3 29. bxc3 Rb1# 0-1

[Event "Warsaw YMCA Spring-D 92nd"]
[Site "Warsaw"]
[Date "2011.04.05"]
[Round "8"]
[White "Kovalchuk, Vasyl"]
[Black "Kundzik, Jacek"]
[Result "1-0"]
[WhiteElo "1726"]
[BlackElo "1689"]
[PlyCount "87"]
[EventDate "2011.04.05"]
[EventType "tourn"]
[EventRounds "13"]
[EventCountry "POL"]
[SourceTitle "EXT 2019"]
[Source "ChessBase"]
[SourceDate "2018.10.10"]
[SourceVersion "1"]
[SourceVersionDate "2018.10.10"]
[SourceQuality "1"]

1. d4 Nf6 2. c4 e6 3. Nf3 b6 4. a3 Be7 5. Nc3 d5 6. e3 Nbd7 7. b3 0-0 8. Bd3 Bb7 9. 0-0 c5 10. Bb2 h6 11. Qe2 Ne4 12. cxd5 Nxc3 13. Bxc3 Bxd5 14. Nd2 cxd4 15. Bxd4 Bf6 16. Bxf6 Qxf6 17. e4 Bb7 18. Nc4 e5 19. b4 Rfd8 20. Rac1 Rac8 21. Ne3 Nf8 22. Bc4 Bxe4 23. Ng4 Qg6 24. f3 Rxc4 25. Qxc4 Bd3 26. Qc7 Rd7 27. Qxe5 Bxf1 28. Rxf1 Qd3 29. Qg3 Qd4+ 30. Kh1 Rd6 31. h3 Re6 32. Qc7 Qd3 33. Ra1 Qd4 34. Rf1 h5 35. Nf2 Re2 36. Ne4 Qb2 37. Ng5 Qa2 38. Rg1 f6 39. Ne4 Qxa3 40. Qc4+ Kh8 41. Qxe2 Qxb4 42. Qa6 Qe7 43. Ra1 Qc7 44. Qxa7 1-0

[Event "Warsaw YMCA Spring-D 92nd"]
[Site "Warsaw"]
[Date "2011.04.05"]
[Round "1"]
[White "Kundzik, Jacek"]
[Black "Bartczak, Hanna"]
[Result "1-0"]
[WhiteElo "1689"]
[BlackElo "1682"]
[PlyCount "113"]
[EventDate "2011.04.05"]
[EventType "tourn"]
[EventRounds "13"]
[EventCountry "POL"]
[SourceTitle "EXT 2019"]
[Source "ChessBase"]
[SourceDate "2018.10.10"]
[SourceVersion "1"]
[SourceVersionDate "2018.10.10"]
[SourceQuality "1"]

1. e4 d6 2. d4 Nf6 3. Nc3 Nbd7 4. Nf3 e5 5. Bc4 Be7 6. 0-0 0-0 7. a4 c6 8. h3 exd4 9. Qxd4 Nc5 10. Rd1 Be6 11. Bf1 d5 12. exd5 Nxd5 13. Nxd5 Qxd5 14. Be3 Qxd4 15. Bxd4 Rfd8 16. a5 h6 17. Ne5 Nd7 18. Bc4 Bxc4 19. Nxc4 Bf6 20. Nd6 Bxd4 21. Rxd4 Nc5 22. Rad1 Ne6 23. R4d2 b6 24. Nc4 b5 25. Ne5 c5 26. Nc6 Rxd2 27. Rxd2 a6 28. g3 Kf8 29. f4 Ke8 30. Kf2 Rc8 31. Rd6 Nc7 32. Ke2 b4 33. Ne5 f6 34. Nc4 Ra8 35. Rc6 Kd7 36. Rxc5 Re8+ 37. Kd3 Nb5 38. Nb6+ Kd6 39. Rc4 Re1 40. Re4 Rd1+ 41. Ke2 Rb1 42. Re3 Rxb2 43. Nc4+ Kc5 44. Nxb2 Nc3+ 45. Kd3 Kb5 46. Nc4 Nd5 47. Re6 g5 48. fxg5 hxg5 49. Kd4 Nc3 50. Rxf6 Ne2+ 51. Kd3 Nc1+ 52. Kd2 Na2 53. Ne3 Kxa5 54. Rf5+ Ka4 55. Rxg5 Nc3 56. h4 Ne4+ 57. Kc1 1-0

[Event "Warsaw YMCA Autumn-D 70th"]
[Site "Warsaw"]
[Date "2009.12.10"]
[Round "11"]
[White "Bartczak, Hanna"]
[Black "Kundzik, Jacek"]
[Result "1/2-1/2"]
[WhiteElo "1650"]
[BlackElo "1726"]
[PlyCount "126"]
[EventDate "2009.09.29"]
[EventType "tourn"]
[EventRounds "13"]
[EventCountry "POL"]
[SourceTitle "EXT 2011"]
[Source "ChessBase"]
[SourceDate "2010.11.26"]
[SourceVersion "1"]
[SourceVersionDate "2010.11.26"]
[SourceQuality "1"]

1. Nf3 Nf6 2. g3 d5 3. Bg2 c6 4. 0-0 Bg4 5. d4 e6 6. Ne5 Bh5 7. Nd2 Nbd7 8. Ndf3 Bd6 9. Bf4 Qc7 10. Nxd7 Nxd7 11. Bxd6 Qxd6 12. Qd2 h6 13. Rfe1 Bg6 14. Nh4 Bh7 15. e4 dxe4 16. Bxe4 Bxe4 17. Rxe4 0-0-0 18. c3 g6 19. Nf3 e5 20. Qe2 exd4 21. Rxd4 Qf8 22. Rad1 Qe8 23. Qc4 Qe6 24. Qxe6 fxe6 25. Re1 Rhe8 26. Rde4 Nc5 27. R4e3 Rd3 28. Ne5 Rxe3 29. Rxe3 Rg8 30. Nf7 Kd7 31. Nxh6 Rd8 32. Nf7 Rg8 33. Ne5+ Ke7 34. b4 Nd7 35. Nxd7 Kxd7 36. c4 c5 37. a3 Rc8 38. b5 Ke7 39. Re5 Kf6 40. f4 b6 41. Kf2 Rd8 42. Ke3 Rd4 43. Re4 Rd1 44. Kf3 Rd3+ 45. Re3 Rd4 46. Rc3 e5 47. fxe5+ Kxe5 48. g4 g5 49. Kg3 Kf6 50. h4 gxh4+ 51. Kxh4 Kg6 52. a4 Re4 53. a5 bxa5 54. Ra3 Rxc4 55. Rxa5 Rb4 56. Rxa7 Rxb5 57. Rc7 Ra5 58. Rc6+ Kg7 59. g5 Ra1 60. Rxc5 Rh1+ 61. Kg4 Rg1+ 62. Kf5 Rf1+ 63. Kg4 Rg1+ 1/2-1/2

[Event "Warsaw YMCA Autumn-D 70th"]
[Site "Warsaw"]
[Date "2009.11.10"]
[Round "6"]
[White "Kundzik, Jacek"]
[Black "Budrewicz, Henryk"]
[Result "1-0"]
[WhiteElo "1726"]
[BlackElo "1583"]
[PlyCount "79"]
[EventDate "2009.09.29"]
[EventType "tourn"]
[EventRounds "13"]
[EventCountry "POL"]
[SourceTitle "EXT 2011"]
[Source "ChessBase"]
[SourceDate "2010.11.26"]
[SourceVersion "1"]
[SourceVersionDate "2010.11.26"]
[SourceQuality "1"]

1. e4 e6 2. d4 b6 3. Nf3 Bb7 4. Bd3 c5 5. c3 Nf6 6. e5 Nd5 7. 0-0 Be7 8. dxc5 Bxc5 9. Nbd2 f5 10. exf6 Nxf6 11. Qe2 0-0 12. Ne4 Be7 13. Bg5 Nxe4 14. Bxe7 Qxe7 15. Bxe4 Bxe4 16. Qxe4 Nc6 17. a3 d5 18. Qe3 e5 19. b4 Qf6 20. Rad1 e4 21. Nd4 Ne5 22. Nc2 Rad8 23. Qd4 Qg5 24. Kh1 Rf4 25. Ne3 Nd3 26. Rd2 h5 27. g3 Rf3 28. h4 Qh6 29. Kg2 Rd6 30. Rxd3 g5 31. Rh1 exd3 32. Kxf3 Qg6 33. hxg5 d2 34. Rd1 Qxg5 35. Kg2 Kh7 36. Rxd2 Rg6 37. Qxd5 Qf6 38. Nf5 Rg5 39. Qd7+ Kg6 40. Nh4+ 1-0

[Event "Warsaw YMCA Autumn-D 70th"]
[Site "Warsaw"]
[Date "2009.10.13"]
[Round "3"]
[White "Jarmula, Lukasz"]
[Black "Kundzik, Jacek"]
[Result "1/2-1/2"]
[WhiteElo "1602"]
[BlackElo "1726"]
[PlyCount "62"]
[EventDate "2009.09.29"]
[EventType "tourn"]
[EventRounds "13"]
[EventCountry "POL"]
[SourceTitle "EXT 2011"]
[Source "ChessBase"]
[SourceDate "2010.11.26"]
[SourceVersion "1"]
[SourceVersionDate "2010.11.26"]
[SourceQuality "1"]

1. d4 Nf6 2. c4 e6 3. Nf3 b6 4. g3 Ba6 5. b3 Bb7 6. Bg2 Bb4+ 7. Bd2 a5 8. 0-0 0-0 9. a3 Bxd2 10. Nbxd2 d6 11. Qc2 Nbd7 12. e4 c5 13. d5 exd5 14. exd5 Qc7 15. Nb1 Rae8 16. Nc3 Ba6 17. Rfe1 Qd8 18. Qf5 Rxe1+ 19. Rxe1 Re8 20. Ne4 Nxe4 21. Rxe4 Rxe4 22. Qxe4 Nf6 23. Qe3 Bc8 24. Ng5 h6 25. Ne4 Kf8 26. Qf4 Nxe4 27. Bxe4 Qf6 28. Qxf6 gxf6 29. Kg2 Kg7 30. Bc2 Bd7 31. a4 Bc8 1/2-1/2

[Event "Mazowiec-chT"]
[Site "Mazowsze"]
[Date "2009.04.05"]
[Round "7"]
[White "Milczarek, Robert"]
[Black "Kundzik, Jacek"]
[Result "1-0"]
[WhiteElo "1883"]
[BlackElo "1730"]
[PlyCount "61"]
[EventDate "2009.01.11"]
[EventType "team-tourn"]
[EventRounds "10"]
[EventCountry "POL"]
[SourceTitle "EXT 2013"]
[Source "ChessBase"]
[SourceDate "2012.11.22"]
[SourceVersion "1"]
[SourceVersionDate "2012.11.22"]
[SourceQuality "1"]

1. d4 Nf6 2. c4 e6 3. Nf3 b6 4. a3 Bb7 5. Nc3 d5 6. cxd5 Nxd5 7. e3 Be7 8. Bb5+ c6 9. Bd3 0-0 10. 0-0 Nxc3 11. bxc3 Qc7 12. Qc2 h6 13. Bb2 c5 14. Qe2 Nc6 15. Rac1 Na5 16. Nd2 Rac8 17. e4 c4 18. Bc2 Bg5 19. Rcd1 Rfe8 20. e5 Bxd2 21. Rxd2 b5 22. Qg4 Qe7 23. f4 f5 24. exf6 Qxf6 25. Re2 Bd5 26. Rfe1 Rf8 27. g3 Nb7 28. a4 a6 29. Ba3 Rf7 30. Re5 bxa4 31. Rxd5 1-0

[Event "Chylice Noworoczniak op"]
[Site "Chylice"]
[Date "2008.12.27"]
[Round "1.10"]
[White "Kundzik, Jacek"]
[Black "Kolinski, Kamil"]
[Result "1-0"]
[WhiteElo "1793"]
[BlackElo "1512"]
[PlyCount "69"]
[EventDate "2008.12.27"]
[EventType "swiss"]
[EventRounds "5"]
[EventCountry "POL"]
[SourceTitle "EXT 2023"]
[Source "ChessBase"]
[SourceDate "2022.10.05"]
[SourceVersion "1"]
[SourceVersionDate "2022.10.05"]
[SourceQuality "1"]

1. e4 c6 2. d4 d5 3. Nc3 dxe4 4. Nxe4 Bf5 5. Ng3 Bg6 6. Nf3 Nd7 7. Bd3 Bxd3 8. Qxd3 Qc7 9. Be3 e6 10. 0-0 Ngf6 11. c4 0-0-0 12. Rfd1 h6 13. Rac1 Bd6 14. Ne2 Ng4 15. g3 Nxe3 16. Qxe3 Kb8 17. a3 Rhe8 18. b4 Nf6 19. Qb3 Qe7 20. c5 Bc7 21. b5 cxb5 22. Qxb5 Ka8 23. c6 Rb8 24. Rb1 Bb6 25. Ne5 Rec8 26. a4 Qc7 27. Rdc1 bxc6 28. Rxc6 Qd8 29. Qa6 Nd5 30. Rbc1 Rc7 31. R6c4 Qc8 32. Qb5 Bxd4 33. Rxc7 Nxc7 34. Qc6+ Rb7 35. Nxd4 1-0

[Event "Warsaw AIG Life rapid 8th"]
[Site "Warsaw"]
[Date "2008.12.20"]
[Round "1"]
[White "Muzychuk, Anna"]
[Black "Kundzik, Jacek"]
[Result "1-0"]
[WhiteElo "2508"]
[BlackElo "1793"]
[PlyCount "77"]
[EventDate "2008.12.20"]
[EventType "swiss (rapid)"]
[EventRounds "13"]
[EventCountry "POL"]
[SourceTitle "CBM 127 Extra"]
[Source "ChessBase"]
[SourceDate "2009.01.08"]
[SourceVersion "2"]
[SourceVersionDate "2009.01.28"]
[SourceQuality "1"]

1. e4 e5 2. Nf3 Nc6 3. d4 exd4 4. Bc4 Nf6 5. e5 d5 6. Bb5 Nd7 7. 0-0 Be7 8. Bxc6 bxc6 9. Nxd4 Nb8 10. Qh5 0-0 11. Nc3 Be6 12. Nf5 Bxf5 13. Qxf5 Qd7 14. Qd3 Qe6 15. Bf4 Nd7 16. Rae1 Rfe8 17. Bg3 Bf8 18. f4 f5 19. exf6 Qxf6 20. Bf2 Bc5 21. Qf3 Rab8 22. Bxc5 Nxc5 23. Qf2 Qd6 24. Qd4 a6 25. f5 Nd7 26. b3 Qc5 27. Qxc5 Nxc5 28. g4 Ne4 29. Nxe4 Rxe4 30. Rxe4 dxe4 31. Kf2 Kf7 32. Ke3 Re8 33. Rf4 Rd8 34. Rxe4 Rd1 35. Rc4 Rg1 36. Kf2 Rh1 37. Kg2 Ra1 38. a4 Rd1 39. Rxc6 1-0

[Event "Warsaw Agape"]
[Site "Warsaw"]
[Date "2008.04.16"]
[Round "6"]
[White "Pienkos, Slawomir"]
[Black "Kundzik, Jacek"]
[Result "1-0"]
[WhiteElo "2030"]
[BlackElo "1842"]
[PlyCount "95"]
[EventDate "2008.03.05"]
[EventType "tourn"]
[EventRounds "9"]
[EventCountry "POL"]
[SourceTitle "EXT 2023"]
[Source "ChessBase"]
[SourceDate "2022.10.05"]
[SourceVersion "1"]
[SourceVersionDate "2022.10.05"]
[SourceQuality "1"]

1. e4 e5 2. f4 d5 3. exd5 exf4 4. Nf3 Nf6 5. Bb5+ c6 6. dxc6 Nxc6 7. Bxc6+ bxc6 8. 0-0 Be7 9. d3 0-0 10. Nc3 Bd6 11. Qe1 Qc7 12. Qh4 h6 13. b3 Re8 14. Bd2 Bd7 15. Rae1 Ng4 16. Rxe8+ Rxe8 17. Ne4 Be7 18. Qh5 g6 19. Qa5 Qxa5 20. Bxa5 f5 21. Ned2 Bc5+ 22. d4 Bd6 23. Nc4 Bb8 24. Bd2 g5 25. h4 Ne3 26. Bxe3 fxe3 27. hxg5 Bg3 28. Nce5 e2 29. Rf2 Bxf2+ 30. Kxf2 Bc8 31. Kxe2 c5 32. Kd3 cxd4 33. Kxd4 h5 34. c4 Rd8+ 35. Kc5 Bb7 36. b4 h4 37. Nxh4 Rd2 38. a4 Bxg2 39. Nxf5 Be4 40. Ne7+ Kf8 41. N7c6 Rg2 42. Nxa7 Rxg5 43. Kd6 Ke8 44. Nac6 Bxc6 45. Nxc6 Rg6+ 46. Kc7 Rg7+ 47. Kb6 Kd7 48. a5 1-0

[Event "Warsaw Agape"]
[Site "Warsaw"]
[Date "2008.03.26"]
[Round "4"]
[White "Pieczonka, Marcin"]
[Black "Kundzik, Jacek"]
[Result "1-0"]
[WhiteElo "2081"]
[BlackElo "1842"]
[PlyCount "115"]
[EventDate "2008.03.05"]
[EventType "tourn"]
[EventRounds "9"]
[EventCountry "POL"]
[SourceTitle "EXT 2023"]
[Source "ChessBase"]
[SourceDate "2022.10.05"]
[SourceVersion "1"]
[SourceVersionDate "2022.10.05"]
[SourceQuality "1"]

1. f4 c5 2. Nf3 Nc6 3. e3 d6 4. b3 Nf6 5. Bb2 g6 6. Be2 Bg7 7. 0-0 0-0 8. h3 a6 9. Qe1 b5 10. Qh4 Bb7 11. d3 Nb4 12. Ne1 Nfd5 13. Bxg7 Kxg7 14. c3 Nc6 15. e4 Nc7 16. f5 Ne8 17. Nf3 e6 18. Qg3 exf5 19. exf5 Qe7 20. Rf2 Ne5 21. Nbd2 Nf6 22. Ng5 h6 23. Nge4 Rae8 24. fxg6 fxg6 25. Nxf6 Rxf6 26. Rxf6 Qxf6 27. Rf1 Qe7 28. Kh2 Nf7 29. Bh5 Qg5 30. Qf2 Qe5+ 31. Kg1 Qe3 32. Bf3 Bxf3 33. Nxf3 Qxd3 34. Qg3 Qxc3 35. Qg4 Re2 36. Nh4 Qe3+ 37. Kh1 Qe4 38. Qg3 Ne5 39. Nf5+ Kh7 40. Nxd6 Qd5 41. Ne8 Qe6 42. Nf6+ Kh8 43. Qh4 Kg7 44. Qf4 Nd3 45. Qc7+ Qe7 46. Qg3 Re1 47. Nh5+ Kh8 48. Qxd3 Rxf1+ 49. Qxf1 gxh5 50. Qf4 Qe6 51. Qf8+ Kh7 52. Qxc5 h4 53. Qc7+ Kg6 54. Qf4 Qe1+ 55. Kh2 Qe2 56. a4 Qb2 57. axb5 axb5 58. b4 1-0

[Event "Warsaw Agape"]
[Site "Warsaw"]
[Date "2008.03.19"]
[Round "3"]
[White "Wilczynski, Adam"]
[Black "Kundzik, Jacek"]
[Result "1-0"]
[WhiteElo "1909"]
[BlackElo "1842"]
[PlyCount "75"]
[EventDate "2008.03.05"]
[EventType "tourn"]
[EventRounds "9"]
[EventCountry "POL"]
[SourceTitle "EXT 2023"]
[Source "ChessBase"]
[SourceDate "2022.10.05"]
[SourceVersion "1"]
[SourceVersionDate "2022.10.05"]
[SourceQuality "1"]

1. c4 e6 2. g3 d5 3. Bg2 Nf6 4. Nf3 Be7 5. 0-0 0-0 6. d3 c6 7. Nbd2 Nbd7 8. Qc2 b5 9. Nd4 Qb6 10. N2f3 Ba6 11. cxd5 cxd5 12. Qc6 Rac8 13. Qxb6 axb6 14. Bg5 h6 15. Bd2 Rc7 16. Rfc1 Bc5 17. b4 Bxd4 18. Nxd4 Rfc8 19. Rxc7 Rxc7 20. Rc1 Rxc1+ 21. Bxc1 Nb8 22. Bf4 Nfd7 23. Bc7 Kf8 24. f4 Ke7 25. e4 Bb7 26. exd5 Bxd5 27. Bxd5 exd5 28. Nxb5 Na6 29. Kf2 Nxc7 30. Nxc7 Kd6 31. Ne8+ Kc6 32. a4 g5 33. Kf3 Nf8 34. f5 Kd7 35. Nf6+ Kd6 36. d4 Nd7 37. Nxd7 Kxd7 38. Kg4 1-0